Ніч Долі: хроніки світанку. Хроніка перша (Запис № 360859)

МАРК-запис
000 -Лідер
fixed length control field 00908nam a22002657a 4500
001 - Контрольний номер
control field 74569
003 - Ідентифікатор контрольного номера
control field UA-OsUOA
005 - Дата та час останнього входження (трансакції)
control field 20230727155751.0
007 - Фіксоване поле фізичного опису
fixed length control field ta
008 - Елементи даних фіксованої довжини – загальна інформація
fixed length control field 20110412b un ||||| |||| 00| 0 ukr d
020 ## - Міжнародний стандартний книжковий номер (ISBN)
Міжнародний стандартний книжковий номер (ISBN) (НП) 9789662115062
040 ## - Джерело каталогізації
Агенція оригінальної каталогізації UA-OsUOA
Мова каталогізації ukr
Агенція, яка здійснювала перезапис UA-OsUOA
Агенція, яка здійснювала модифікацію UA-OsUOA
041 ## - Код мови
Код мови тексту/ звукової доріжки чи окремого заголовка (П) ukr
080 ## - Індекс Універсальної десяткової класифікації
Індекс Універсальної десяткової класифікації (УДК) (НП) 821.161.2-3
090 ## - Локальний шифр розміщення
Класифікаційний індекс УДК 821.161.2-3
Авторський знак (НП) К67
100 ## - Основне введення – ім’я особи
Ім’я особи (НП) Корнейко О.
245 ## - Відомості про назву
Назва (НП) Ніч Долі: хроніки світанку. Хроніка перша
Решта назви (НП) роман у стилі фентезі
Дані про відповідальність (НП) Олександр Корнейко
260 ## - Публікація, розповсюдження і т.п. (Вихідні дані)
Місце публікації, розповсюдження і т.п. (П) Луцьк
Ім’я/ наймення видавництва, розповсюджувача і т.п. (П) Твердиня
Дата публікації, розповсюдження і т.п. (П) 2007
300 ## - Фізичний опис
Обсяг 152 с.
490 ## - Область серії
Назва серії Хронотоп
650 #7 - Додаткове предметне введення – тематичний термін
Тематичний термін чи географічна назва, як елемент введення (НП) 821 Художня література окремими мовами і мовними сім'ями
Джерело заголовка чи терміна UDC
942 ## - Додаткові елементи входу (Коха)
Тип елемента Koha Книги
Source of classification or shelving scheme Universal Decimal Classification
955 ## - Код типу видання за змістом
Код типу видання за змістом (НП) Літературно-художні видання
Фонди
Стан вилучень Стан втрат Джерело класифікації або схеми стелажів Стан уражень Не для кредиту Код колекції Постійне місце розташування Поточне розміщення Дата придбання Джерело придбання Вартість, звичайна ціна покупки Інвентарний номер Усього замовленно Повний номер виклику Штрих-код Дата останнього перегляду Ціна ефективна від Тип елемента Koha Вартість, ціна заміни
    Universal Decimal Classification       АБ - Абонемент НБ АБ - Абонемент НБ 17/07/2023 №27/12.07.2023 10.00     821.161.2-3 К67 166067 17/07/2023 17/07/2023 Книги 10.00
    Universal Decimal Classification     Колекція Вербича В.О. ЧЗ - Читальна зала ЧЗ - Читальна зала 12/04/2011 49/2011 10.00 131978   821.161.2-3 К67 131978 11/02/2022 12/04/2011 Книги